000 00310nam a2200133Ia 4500
005 20260328101520.0
008 260328s9999||||xx |||||||||||||| ||und||
100 _aCasati, Cesare
245 0 _aPhilippe Samyn /
_cCesare Casati
260 _bArca Plus
300 _a112 p.
650 _aARQUITECTOS
942 _cBK
999 _c9564
_d9564